000 00581nam a2200181Ia 4500
008 100921s9999 xx 000 0 und d
082 _b40257
_a891.463 न 05
100 _aमुजावर बशीर.
245 _aप्रवाही.
260 _bपायल प्रकाशन,पुणे.
_c2005
300 _a200
_bकलाभारती वितरण,पुणे
365 _b175
520 _aललित-कथा.
630 _aप्रवाही.
650 _aललित-कथा.
730 _aप्रवाही.
942 _cBOOK
999 _c789370
_d789367